| 000 | 00356nam a22001457a 4500 | ||
|---|---|---|---|
| 008 | 221006b ||||| |||| 00| 0 eng d | ||
| 020 | _a9780323091411 | ||
| 041 | _aeng | ||
| 080 |
_2eighth edition _a610.73 |
||
| 082 | _a610.73 EDE | ||
| 100 | _a6 | ||
| 101 | _aINF | ||
| 245 |
_aHELTH PROMOTION THROUGHOUT THE LIFE SPAN _cEDELMAN.C.L |
||
| 942 |
_2udc _cBK |
||
| 999 |
_c58368 _d58368 |
||